[Event "ROM-chT (Women)"]
[Site "Mamaia"]
[Date "2013.09.03"]
[Round "4.3"]
[White "Rendi, Eva"]
[Black "Dragomirescu, Angela"]
[Result "1/2-1/2"]
[WhiteElo "2101"]
[BlackElo "2242"]
[PlyCount "97"]
[EventDate "2013.08.31"]
[EventType "team-tourn"]
[EventRounds "9"]
[EventCountry "ROU"]
[SourceTitle "CBM 156 Extra"]
[Source "ChessBase"]
[SourceDate "2013.10.22"]
[SourceVersion "1"]
[SourceVersionDate "2013.10.22"]
[SourceQuality "1"]
[WhiteTeam "Sinandrei (W)"]
[BlackTeam "Timisoara Medicina (W)"]
[WhiteTeamCountry "ROU"]
[BlackTeamCountry "ROU"]

1. e4 d6 2. d4 Nf6 3. Nc3 e5 4. Nf3 Nbd7 5. Bc4 Be7 6. 0-0 0-0 7. Re1 c6 8. a4 b6 9. h3 a6 10. Be3 Rb8 11. Ba2 b5 12. axb5 axb5 13. b4 Qc7 14. Qd3 Bb7 15. Rad1 Nb6 16. Nh4 Rfe8 17. Nf5 Bc8 18. Nxe7+ Qxe7 19. dxe5 dxe5 20. Qd6 Bd7 21. Bc5 Qxd6 22. Rxd6 Nc8 23. Rd3 Rb7 24. Red1 Ne7 25. Kh2 Ng6 26. g3 Nf8 27. f4 Be6 28. fxe5 N6d7 29. Bxe6 Nxc5 30. Bxf7+ Rxf7 31. bxc5 Rxe5 32. R1d2 Rxc5 33. Nd1 Re5 34. Nf2 Ne6 35. Rd6 Ng5 36. Kg2 Rc5 37. e5 Rxe5 38. Rxc6 h5 39. Nd3 Re3 40. Nf4 h4 41. gxh4 Nf3 42. Re2 Nxh4+ 43. Kh2 Ra3 44. Ne6 Nf3+ 45. Kg2 Nh4+ 46. Kh2 Nf3+ 47. Kg2 Nh4+ 48. Kh2 Nf3+ 49. Kg2 1/2-1/2

[Event "Budapest FS11 FM-A"]
[Site "Budapest"]
[Date "2009.11.12"]
[Round "6"]
[White "Johansen, Arild"]
[Black "Rendi, Eva"]
[Result "1/2-1/2"]
[WhiteElo "2084"]
[BlackElo "2128"]
[PlyCount "30"]
[EventDate "2009.11.07"]
[EventType "tourn"]
[EventRounds "13"]
[EventCountry "HUN"]
[SourceTitle "EXT 2010"]
[Source "ChessBase"]
[SourceDate "2010.11.25"]
[SourceVersion "1"]
[SourceVersionDate "2010.11.25"]
[SourceQuality "1"]

1. c4 Nf6 2. g3 e6 3. Bg2 d5 4. d4 Bb4+ 5. Bd2 Be7 6. Qc2 0-0 7. Nf3 Nc6 8. 0-0 Ne4 9. Bc3 Bf6 10. e3 Rb8 11. Nbd2 Nxc3 12. Qxc3 g6 13. Rfd1 Bg7 14. Rac1 Ne7 15. Qc2 c6 1/2-1/2

[Event "Budapest FS11 FM-A+"]
[Site "Budapest"]
[Date "2009.11.07"]
[Round "1"]
[White "Hocevar, Nikola"]
[Black "Rendi, Eva"]
[Result "0-1"]
[WhiteElo "2104"]
[BlackElo "2128"]
[PlyCount "120"]
[EventDate "2009.11.07"]
[EventType "tourn"]
[EventRounds "13"]
[EventCountry "HUN"]
[SourceTitle "EXT 2010"]
[Source "ChessBase"]
[SourceDate "2010.11.25"]
[SourceVersion "1"]
[SourceVersionDate "2010.11.25"]
[SourceQuality "1"]

1. d4 Nf6 2. Nf3 g6 3. Nbd2 d5 4. e3 Bg7 5. Bd3 0-0 6. b3 c5 7. Bb2 cxd4 8. exd4 Nc6 9. a3 Nh5 10. g3 Bh3 11. Bf1 Qd7 12. Qe2 Rac8 13. Bxh3 Qxh3 14. Qd3 Qe6+ 15. Qe2 Qf5 16. Qd3 Qxd3 17. cxd3 Nb8 18. Kd1 Rc7 19. Rc1 Rfc8 20. Rxc7 Rxc7 21. Re1 Nc6 22. Ne5 Nf6 23. f4 Ne8 24. Nxc6 bxc6 25. Nf3 Nd6 26. Kd2 Rb7 27. Kc2 Kf8 28. a4 h5 29. Ba3 Nf5 30. Bc5 Ke8 31. Ne5 Bxe5 32. fxe5 Kd7 33. Kc3 Ke6 34. b4 a6 35. Re2 Rb8 36. Kd2 g5 37. Re1 g4 38. Kc3 Rh8 39. b5 axb5 40. axb5 cxb5 41. Ra1 h4 42. Ra6+ Kd7 43. Ra7+ Kc6 44. Bxe7 hxg3 45. hxg3 Nxg3 46. Bf6 Rg8 47. Kd2 Nf5 48. e6 fxe6 49. Ke2 g3 50. Ra6+ Kb7 51. Ra1 Kb6 52. Kf1 Rf8 53. Be5 Ne3+ 54. Ke2 Nc2 55. Rg1 Rf2+ 56. Kd1 g2 57. Bh2 Ne3+ 58. Ke1 Ra2 59. Bf4 Ra1+ 60. Kf2 Rf1+ 0-1

[Event "HUN-chT2 Maroczy 0708"]
[Site "Hungary"]
[Date "2008.03.30"]
[Round "9"]
[White "Mihalka, Zsolt"]
[Black "Rendi, Eva"]
[Result "1-0"]
[WhiteElo "2193"]
[BlackElo "2127"]
[PlyCount "61"]
[EventDate "2007.10.14"]
[EventType "team"]
[EventRounds "11"]
[EventCountry "HUN"]
[SourceTitle "EXT 2009"]
[Source "ChessBase"]
[SourceDate "2008.11.26"]
[SourceVersion "1"]
[SourceVersionDate "2008.11.26"]
[SourceQuality "1"]
[WhiteTeam "Penzugyor"]
[BlackTeam "Sarospatak"]
[WhiteTeamCountry "HUN"]
[BlackTeamCountry "HUN"]

1. e4 c5 2. Nf3 d6 3. d4 cxd4 4. Nxd4 Nf6 5. Nc3 a6 6. Be3 e5 7. Nb3 Be6 8. f3 Nbd7 9. Qd2 b5 10. 0-0-0 Nb6 11. Na5 b4 12. Nb1 d5 13. Bxb6 Qxb6 14. exd5 Bxd5 15. Nc4 Qc7 16. Qe2 Be7 17. Nbd2 0-0 18. Qxe5 Qb7 19. Na5 Qa7 20. Bc4 Rfd8 21. g4 Rac8 22. g5 Bd6 23. Qf5 Rxc4 24. Ndxc4 Be6 25. Qe5 Bc7 26. Rxd8+ Bxd8 27. Nc6 Qa8 28. Rd1 Nd7 29. Qe4 Bxg5+ 30. Kb1 Kh8 31. N4e5 1-0

[Event "HUN-chT2 Maroczy 0708"]
[Site "Hungary"]
[Date "2007.11.11"]
[Round "2"]
[White "Gal, Peter1111"]
[Black "Rendi, Eva"]
[Result "0-1"]
[WhiteElo "2102"]
[BlackElo "2127"]
[PlyCount "58"]
[EventDate "2007.10.14"]
[EventType "team"]
[EventRounds "11"]
[EventCountry "HUN"]
[SourceTitle "EXT 2009"]
[Source "ChessBase"]
[SourceDate "2008.11.26"]
[SourceVersion "1"]
[SourceVersionDate "2008.11.26"]
[SourceQuality "1"]
[WhiteTeam "Fuzesabony"]
[BlackTeam "Sarospatak"]
[WhiteTeamCountry "HUN"]
[BlackTeamCountry "HUN"]

1. e4 c5 2. f4 Nc6 3. Nf3 g6 4. c3 d5 5. e5 d4 6. d3 Bf5 7. c4 Qa5+ 8. Kf2 f6 9. h3 h5 10. exf6 exf6 11. Nh4 Nge7 12. g3 0-0-0 13. Bg2 Qc7 14. Qf3 Bh6 15. Nd2 Bd7 16. Ne4 g5 17. fxg5 fxg5 18. Nxg5 Rdf8 19. Bf4 Ne5 20. Ke2 Nxf3 21. Bxc7 Nxh4 22. gxh4 Kxc7 23. Raf1 Nf5 24. Ne4 Nxh4 25. Rxf8 Rxf8 26. Bf1 Bc6 27. Rg1 Re8 28. Bg2 Rg8 29. Kf2 Be3+ 0-1

[Event "Miercurea Ciuc Banc Post op 10th"]
[Site "Miercurea Ciuc"]
[Date "2007.08.19"]
[Round "8"]
[White "Argyo, Nora"]
[Black "Rendi, Eva"]
[Result "1/2-1/2"]
[WhiteElo "2051"]
[BlackElo "2124"]
[PlyCount "56"]
[EventDate "2007.08.19"]
[EventType "swiss"]
[EventRounds "9"]
[EventCountry "ROU"]
[SourceTitle "EXT 2010"]
[Source "ChessBase"]
[SourceDate "2010.11.25"]
[SourceVersion "1"]
[SourceVersionDate "2010.11.25"]
[SourceQuality "1"]

1. e4 c5 2. Nf3 Nc6 3. d4 cxd4 4. Nxd4 e5 5. Nb5 d6 6. N1c3 a6 7. Na3 b5 8. Nd5 Nf6 9. Bg5 Be7 10. Bxf6 Bxf6 11. c3 0-0 12. Nc2 Bg5 13. Nce3 f5 14. exf5 Bxe3 15. Nxe3 Ne7 16. a4 d5 17. axb5 d4 18. Qb3+ Kh8 19. Rd1 Qb6 20. Nc4 Qc5 21. Qb4 Qxb4 22. cxb4 axb5 23. Nxe5 Rxf5 24. Nf3 Nc6 25. Bd3 Rf6 26. Bxb5 Bg4 27. Bxc6 Rxc6 28. 0-0 Bxf3 1/2-1/2

[Event "Miercurea Ciuc Banc Post op 10th"]
[Site "Miercurea Ciuc"]
[Date "2007.08.19"]
[Round "1"]
[White "Jakab, Tunde"]
[Black "Rendi, Eva"]
[Result "0-1"]
[WhiteElo "1772"]
[BlackElo "2124"]
[PlyCount "78"]
[EventDate "2007.08.19"]
[EventType "swiss"]
[EventRounds "9"]
[EventCountry "ROU"]
[SourceTitle "EXT 2010"]
[Source "ChessBase"]
[SourceDate "2010.11.25"]
[SourceVersion "1"]
[SourceVersionDate "2010.11.25"]
[SourceQuality "1"]

1. e4 c5 2. Nf3 d6 3. d4 cxd4 4. Nxd4 Nf6 5. Nc3 a6 6. Be2 e5 7. Nb3 Be6 8. 0-0 b5 9. f3 Qb6+ 10. Kh1 b4 11. Nd5 Bxd5 12. exd5 a5 13. Bg5 a4 14. Nc1 Qa5 15. Bxf6 gxf6 16. Nd3 Nd7 17. Qd2 Qxd5 18. Qxb4 h5 19. b3 Qc6 20. c4 h4 21. Nf2 f5 22. Rad1 Nc5 23. Qc3 axb3 24. axb3 Ra3 25. Rb1 Qb6 26. Bd1 Ne6 27. Ra1 Rxa1 28. Qxa1 Nd4 29. Qa4+ Ke7 30. b4 Bh6 31. b5 Qb7 32. Bc2 Ra8 33. Qb4 Nxc2 34. Qb3 Nd4 35. Qd3 Ra2 36. Nd1 Rd2 37. Qa3 h3 38. Ne3 Bxe3 39. Qxe3 hxg2+ 0-1